ARRUPE JESUIT UNIVERSITY

CORONAVIRUS -STOP THE SPREAD - CLEAN,DISINFECT,COVER

The view from Pompey's Head / (Record no. 127036)

MARC details
000 -LEADER
fixed length control field 01076cam a2200301 a 4500
001 - CONTROL NUMBER
control field 1670567
003 - CONTROL NUMBER IDENTIFIER
control field ARRUPE
005 - DATE AND TIME OF LATEST TRANSACTION
control field 20171005111935.0
008 - FIXED-LENGTH DATA ELEMENTS--GENERAL INFORMATION
fixed length control field 980422r19981954lau s000 1 eng
010 ## - LIBRARY OF CONGRESS CONTROL NUMBER
LC control number 98023624
020 ## - INTERNATIONAL STANDARD BOOK NUMBER
International Standard Book Number 080712334X (pbk. : alk. paper)
040 ## - CATALOGING SOURCE
Original cataloging agency DLC
Transcribing agency DLC
Modifying agency DLC
043 ## - GEOGRAPHIC AREA CODE
Geographic area code n-usu--
050 00 - LIBRARY OF CONGRESS CALL NUMBER
Classification number PS3503.A8423
Item number V5 1998
082 00 - DEWEY DECIMAL CLASSIFICATION NUMBER
Classification number 813/.52
Edition number 21
300 ## - PHYSICAL DESCRIPTION
Dimensions 22 cm.
100 1# - MAIN ENTRY--PERSONAL NAME
Personal name Basso, Hamilton,
Dates associated with a name 1904-1964.
9 (RLIN) 36708
245 14 - TITLE STATEMENT
Title The view from Pompey's Head /
Statement of responsibility, etc Hamilton Basso.
260 ## - PUBLICATION, DISTRIBUTION, ETC. (IMPRINT)
Place of publication, distribution, etc Baton Rouge :
Name of publisher, distributor, etc Louisiana State University Press,
Date of publication, distribution, etc 1998.
300 ## - PHYSICAL DESCRIPTION
Extent 409 p. ;
440 #0 - SERIES STATEMENT/ADDED ENTRY--TITLE
Title Voices of the South
9 (RLIN) 36709
650 #0 - SUBJECT ADDED ENTRY--TOPICAL TERM
Topical term or geographic name as entry element City and town life
General subdivision Fiction.
Geographic subdivision Southern States
9 (RLIN) 36710
906 ## - LOCAL DATA ELEMENT F, LDF (RLIN)
a 7
b cbc
c orignew
d 1
e ocip
f 19
g y-gencatlg
942 ## - ADDED ENTRY ELEMENTS (KOHA)
Source of classification or shelving scheme Library of Congress Classification
Koha item type Monograph ( Printed materials)
Holdings
Withdrawn status Lost status Source of classification or shelving scheme Damaged status Not for loan Collection code Home library Current library Shelving location Date acquired Total Checkouts Full call number Barcode Date last seen Price effective from Koha item type
    Library of Congress Classification     Main Collection ARRUPE LIBRARY ARRUPE LIBRARY Main Collection 05/10/2017   PZ23.B2950 46500027777 02/07/2019 05/10/2017 Monograph ( Printed materials)

 

Arrupe Library. PO Box MP320 Mt Pleasant, Harare, Zimbabwe
263 242 745411|librarian@aju.ac.zw